000
00287 a2200109 4500
001
40830
082
_a
( termite affected boarded out)
090
_c
25092
_d
25092
100
_a
Lexicon Pubs
245
_a
Muslaman Fatheen( termite affected boarded out)
260
_a
Lahore
_b
Kutab Khana Shani Islam
942
_a
NUST-CAE
999
_c
275903
_d
275903